000 00810nam a22002297a 4500
999 _c2993
_d2993
003 AR-CdUCM
008 190305b ||||| |||| 00| 0 spa d
040 _aMUNICIPALIDAD PROVINCIAL DEL CUSCO
_cBIBLIOTECA MUNICIPAL DEL CUSCO
082 _a808.8 /
_bG166
100 _aGallegos, Rómulo
_9251
245 _aDoña Bárbara /
260 _aArgentina :
_bEditorial Vicuña,
_c1950.
300 _a300 Páginas ;
_c17 cm.
440 _aColección Austral
_9172
505 _aContenido: ¿Con quién vamos? -- El descendiente del Cunavichero -- La devoradora de hombres -- Uno solo y mil caminos distintos -- La lanza en el muro...
650 _aNovelas venezolanas
_910214
650 _aSiglo XX
_98
650 _aLiteratura Venezolana
_96294
650 _aLa doma
_910215
942 _2ddc
_cPP
945 _adavv